| 000 | 00620cam a2200193 a 4500 | ||
|---|---|---|---|
| 001 | 000007618 | ||
| 005 | 20200929154232.0 | ||
| 008 | 000720s1993 ck a 001 0aspa | ||
| 040 |
_aDO-SdBNP _cDLC _dDLC |
||
| 082 |
_a927.46 _bC117u |
||
| 100 | 1 |
_aCabrera, Fausto, _d1924- _921137 |
|
| 245 | 1 | 0 |
_aUna vida, dos exilios : _bmemorias de Fausto Cabrera / _cFausto Cabrera. |
| 260 |
_aSantafé de Bogotá : _bFotograma, _c1993. |
||
| 300 |
_a334 p. : _bil. ; _c22 cm. |
||
| 600 | 1 | 0 |
_aCABRERA, FAUSTO, _d1924- _921138 |
| 650 | 4 |
_aActores españoles _vBIOGRAFÍA _921139 |
|
| 910 | _aCatalogación por copia / LC | ||
| 049 | _aBNGR | ||
| 999 |
_c7398 _d7398 |
||